Inventario de semillas y especies trabajadas en la experiencia pedagógica de Finca Amazónica Sostenible: (Registro nro. 8633)

Detalles MARC
000 -CABECERA
Campo de control 01305nam a22002297a 4500
005 - FECHA Y HORA DE LA ULTIMA TRANSACCION
Campo de control 20140829145422.0
008 - ELEMENTOS DE LONGITUD FIJA—INFORMACION GENERAL
Campo de control 140829|2007 xxu||||| |||| 00| 0 ck spa d
041 ## - IDIOMA
Código de idioma para texto/pista de sonido o título separado Español
044 ## - PAÍS DE PUBLICACIÓN
País de publicación Colombia
082 ## - NUMERO DE CLASIFICACION DECIMAL DEWEY
Número de clasificación 333.953
Número del ítem C71i
110 ## - ASIENTO PRINCIPAL--NOMBRE CORPORATIVO
Nombre corporativo o de jurisdicción como elemento de entrada Colombia
Unidad subordinad Ministerio de Minas y Energía
-- Centro de Investigación y Educación Popular-Cinep
245 ## - MENCION DE TITULO
Título Inventario de semillas y especies trabajadas en la experiencia pedagógica de Finca Amazónica Sostenible:
Parte restante del título Material de apoyo para personas interesadas en trabajar en el desarrollo amazónico sostenible de San Miguel, del Bajo Putumayo, hacia Colombia y el mundo
260 ## - PUBLICACION, DISTRIBUCION, ETC. (PIE DE IMPRENTA)
Lugar de publicación, distribución, etc. Putumayo, Colombia
Nombre del editor, distribuidor, etc. Ministerio de Minas y Energía
-- Ecopetrol S.A
-- INGEOMINAS
-- ISAGEN
-- Centro de Investigación y Educación Popular-Cinep
Fecha de publicación, distribución, etc. 2007
300 ## - DESCRIPCION FISICA
Extensión 166 p.
Otros detalles físicos Il.
Dimensiones 28 cm.
504 ## - NOTA DE BIBLIOGRAFIA, ETC.
Nota de bibliografía Incluye referencias bibliográficas (pag 159-160)
650 #4 - ASIENTO SECUNDARIO DE MATERIA - TERMINO TEMATICO
Término temático o nombre geográfico como elemento de entrada Plantas útiles
Subdivisión general Cultivo
Subdivisión geográfica Putumayo (Dpt. Colombia)
650 #4 - ASIENTO SECUNDARIO DE MATERIA - TERMINO TEMATICO
Término temático o nombre geográfico como elemento de entrada Productos forestales
Subdivisión general Cultivo
Subdivisión geográfica Putumayo (Dpt. Colombia)
650 #4 - ASIENTO SECUNDARIO DE MATERIA - TERMINO TEMATICO
Término temático o nombre geográfico como elemento de entrada Desarrollo sostenible
Subdivisión geográfica Putumayo (Dpt. Colombia)
710 ## - ASIENTO SECUNDARIO - NOMBRE CORPORATIVO
Nombre corporativo o de jurisdicción como elemento de entrada Colombia
Unidad subordinada Centro de Investigación y Educación Popular-Cinep
710 ## - ASIENTO SECUNDARIO - NOMBRE CORPORATIVO
Nombre corporativo o de jurisdicción como elemento de entrada Colombia
Unidad subordinada Proyecto SAN MIGUEL mira hacia Colombia y el mundo
942 ## - ELEMENTOS ADICIONALES (KOHA)
Sistema de clasificación Dewey Decimal Classification
Tipo de ítem Libro
Existencias
Withdrawn status Lost status Sistema de Clasificación Damaged status No para préstamo Colección Inventariado Ubicación Permanente Ubicación actual Fecha de adquisición Fuente de Valor Valor Total Checkouts Número topográfico Inventario / Código de Barras Date last seen Ejemplar Price effective from Forma de adquisición Tipo de material
    Dewey Decimal Classification     General Inventariado 2017 Sala Fabio Quevedo Sala Fabio Quevedo 29/08/2014 Instituto 39000.00   LB-333.953 C71i 034608 29/08/2014 Ej. 1 29/08/2014   Libro